00293nam a22001097a 4500082002900000100002100029245003100050260004200081300001500123526003700138650000800175 a621.811bWINcL-13, P-46 aWinston, Stanton aMechanismcStanton Winston aUSAbAmerican Technical Societyc1941 avi, 372.p: a0b0c0d621_811000000000000_WIN aMCE